Statistics for Middle East Countries By Population

Click here to take the quiz!

General Stats

  • This quiz has been taken 41 times
  • The average score is 14 of 15

Answer Stats

PopulationAnswer% Correct
90,253,760Egypt
98%
78,770,000Iran
95%
78,214,000Turkey
95%
36,575,000Iraq
95%
31,521,000Saudi Arabia
95%
26,745,000Yemen
90%
10,248.069Jordan
90%
6,185,000Lebanon
90%
23,270,000Syria
88%
4,181,000Oman
88%
4,161,000Kuwait
88%
2,113,000Qatar
88%
1,781,000Bahrain
88%
9,154,000UAE
85%
8,547,000Israel
83%

Score Distribution

Percentile by Number Answered

Percent of People with Each Score

Your Score History

You have not taken this quiz